00383nam a22001577a 4500003000700000005001700007008004100024082002300065100002000088245002500108250001100133260004300144300000800187490002500195650000500220MPLRDC20220104123842.0210129b ||||| |||| 00| 0 eng d a490.8 MYZQ v.5 c.2 a大桥武夫著 a危机就是机会c a十印 ab名远文化事业有限公司c1991 b平 a名远赚钱系列;5 a